Manual bibliográfico de trabajo social : américa latina y españa /
Guardado en:
| Autor Principal: | |
|---|---|
| Formato: | Libro |
| Publicado: |
Buenos Aires :
Clacso,
1984
|
| Series: | Biblioteca de ciencias sociales; no. 8 / dirigida por Mario R. dos Santos
|
| Materias: | |
| Etiquetas: |
Agregar Etiqueta
Sin Etiquetas, Sea el primero en etiquetar este registro!
|
| LEADER | 00644nam a22001935a 4500 | ||
|---|---|---|---|
| 001 | CEM.cems000351 | ||
| 005 | 20090804092114.0 | ||
| 008 | 130507s1984##################000#0#####d | ||
| 003 | CEMS | ||
| 020 | |a 9509231063 | ||
| 082 | 0 | 4 | |a 300 |
| 100 | 1 | |a Alayón, Norberto | |
| 245 | 1 | 0 | |a Manual bibliográfico de trabajo social : |b américa latina y españa / |c Norberto Alayón |
| 260 | |a Buenos Aires : |b Clacso, |c 1984 | ||
| 300 | |a 311 p. | ||
| 490 | 0 | |a Biblioteca de ciencias sociales; no. 8 / dirigida por Mario R. dos Santos | |
| 653 | |a Sociología | ||
| 653 | |a Trabajo social-bibliografía | ||
| 859 | |a CEMS |b BIB. CEMS - 11 de abril |h 300 |i Al12 |p 13407.85 |t Ej.1 | ||
